Developing property tax administration in Indonesia : a collection module of Internatuonal Training on Property Tax in Indonesia

Bibliographic Details
Corporate Author: Direktorat Land & Building
Format: Book
Published: Jakarta : Direktorat land & Building Tax , 1996
Subjects:

MARC

LEADER 00000cam a2200000 7i4500
001 0000004416
005 20050505.0
020 |a ISBN 979.0504104 
040 |a INS 
090 0 0 |a HJ2951.   |b M1111 1996 
245 1 0 |a Developing property tax administration in Indonesia :   |b a collection module of Internatuonal Training on Property Tax in Indonesia 
260 |a Jakarta :   |b Direktorat land & Building Tax ,   |c 1996 
300 |a 259p. 
650 0 0 |a Real property tax   |z Indonesia 
710 1 |a Direktorat Land & Building 
999 |a 0000006371   |b BOOK   |c Open Shelf   |e Default branch